Interacció 04 : hacia una Agenda 21 de la cultura hacia una Agenda 21 de la cultura
ISBN:
84-9803-151-6
Descripción Física:
218 p. : il. ; 24 cm
MARC
| LEADER | 00000nam a2200000Ia 4500 | ||
|---|---|---|---|
| 001 | 18247 | ||
| 003 | BGR | ||
| 005 | 20260324175259.0 | ||
| 008 | 160829s2006 xx 000 0 cat d | ||
| 020 | |a 84-9803-151-6 | ||
| 080 | |a M-5-274 | ||
| 111 | |a Interacció |9 71067 |c (Barcelona : |d 2004) | ||
| 245 | |a Interacció 04 : |b hacia una Agenda 21 de la cultura | ||
| 260 | |a Barcelona : |b Diputació de Barcelona, |c 2006 | ||
| 300 | |a 218 p. : |b il. ; |c 24 cm | ||
| 490 | |a Interacció. Materials de política cultural ; 5 | ||
| 590 | |a Bibliografia. | ||
| 590 | |a Recull de les intervencions a les Jornades celebrades en el marc del Fòrum Universal de les Cultures de Barcelona el maig de 2004. | ||
| 590 | |a Hi ha un exemplar en català amb R. 18246 | ||
| 650 | |a Globalització |9 34541 | ||
| 651 | 0 | |a Barcelona (Catalunya : Província) |x Política cultural |9 53523 | |
| 710 | 1 | |a Barcelona (Catalunya : Província). |b Àrea de Cultura |9 53536 | |
| 901 | |a Arxiu | ||
| 942 | |n 1 |2 udc |c JC | ||
| 952 | |0 0 |1 0 |4 0 |6 M5274 |7 1 |9 43283 |a Arxiu |b Arxiu |d 2016-12-01 |l 0 |o M-5-274 |p 18247 |r 2016-12-01 00:00:00 |w 2016-12-01 |y ARXIU | ||
| 999 | |c 45828 |d 45828 | ||